Ancient History by Letter ‘T’ - Statistics

General Stats
  • This quiz has been taken 157 times
    132 since last reset
  • The average score is 11 of 27
Answer Stats
Hint Answer % Correct
Boy Pharaoh of the New Kingdom, his mummy was discovered by professor Howard Carter in 1922 Tutankhamun
89%
Metal alloyed with copper to produce bronze Tin
85%
Found in modern-day Turkey, this city was subjected to a famous siege by Mycenaean Greeks using a wooden horse Troy
81%
Stepson of Augustus and second Emperor of Rome Tiberius
74%
Ancient Chinese religion based on the teachings of Laozi Taoism
68%
River which formed the Eastern boundary of ancient Mesopotamia Tigris
66%
Modern country where the Pre-Pottery-Neolithic site of Gobekli Tepe (circa 9,500 BC) was discovered Turkey
63%
Clay sculptures buried to guard the tomb of Qin Shi Huang, the first Emperor of China Terracotta Army
60%
Either an Ancient Greek city founded by Cadmus, or Memphis’s successor as the capital of Ancient Egypt Thebes
59%
Five ancient scrolls which formed the basis of the Abrahamic religions of Judaism and Christianity Torah
55%
Roman Emperor who expanded the empire to it’s maximum territorial extent Trajan
46%
Site of a battle in 480 BC, during which King Leonidas and 300 Spartans successfully delayed an invading Achaemenid Persian army under Xerxes Thermopylae
41%
Dravidian language spoken in the Southern Indian “Three Crowned King” lands of Chola, Chera and Pandya Tamil
36%
One of the Seven Wonders of the ancient world, found at Ephesus, South of the Turkish city of Izmir Temple of Artemis
34%
Historian and politician of the Roman Empire, wrote the “Annals” and the “Histories” Tacitus
31%
Ancient ship, a kind of galley with three banks of oars Trireme
30%
Historical region of South-East Europe, with land in modern-day Turkey, Bulgaria and Greece Thrace
29%
Canaanite port city, later a major Phoenician trade hub Tyre
28%
One of the earliest crops ever cultivated, a staple food in Oceania, Asia and Africa Taro
25%
Mesoamerican city situated just North-East of modern-day Mexico City, site of the Pyramids of the Sun and the Moon Teotihuacan
19%
King of Rome, the last of his line, Rome became a republic after his death Tarquin the Proud
18%
Latin name for the Central Asian region conquered by Alexander the Great, meaning literally the land “Beyond the Oxus River” Transoxiana
14%
Black Sea port city and Silk-Road trading post on the North-East coast of Turkey Trebizond
13%
Rigid metal neck ring, usually made from twisted strands, signified high rank in many Iron-Age cultures Torque
11%
Animist sky god, chief deity of the shamanic Gokturks and many other steppe nomads Tengri
6%
Warrior Pharaoh of the 18th Dynasty, made most of the Levant his dominion, even crossing the Euphrates Thutmose III
6%
Fearsome King of the Assyrian Empire around 1100 BC, titled himself “King of the Four Corners of the World” Tiglath Pileser I
2%
No matching quizzes found
Score Distribution
Percent of People with Each Score
Percentile by Number Answered
Your Score History
You have not taken this quiz since the last reset